000
00305nam a2200121Ia 4500
008
240624s9999 xx 000 0 und d
041
_a
eng
082
_a
658.3 SIN
100
_a
SINGH N K
245
_a
HUMAN RESOURCE MANAGEMENT
260
_c
2003
_a
New Delhi
_b
Excel Books
300
_a
xiii, : 242 : p. : cm. ; 24
999
_c
27
_d
27